Lana Del Rey - The Grants (Lyrics) - Statistics

General Stats
  • This quiz has been taken 97 times
    96 since last reset
  • The average score is 154 of 180
Answer Stats
Answer % Correct
I
100%
a
98%
you
98%
I'm
97%
gonna
95%
me?
95%
me
95%
take
95%
with
95%
do
94%
Do
94%
mine
94%
the
94%
The
94%
to
94%
My
92%
my
92%
for
91%
of
91%
think
89%
about
88%
So
88%
so
88%
"When
88%
Heaven?
86%
told
86%
your
86%
is
85%
say
85%
that
85%
there's
85%
too
85%
us
85%
us,
85%
all
83%
chance
83%
memory"
83%
child
82%
pastor
82%
sister's
82%
And
80%
dance
80%
leave,
80%
Mountain
79%
high
77%
High"
77%
last
77%
once?
77%
grandmother's
76%
smile
76%
first-born
74%
it
74%
Should
74%
You're
73%
family
73%
but
70%
But
70%
John
70%
man,
70%
"Rocky
70%
sings
70%
way
70%
Denver
68%
Like
67%
life
65%
Remember
65%
beautiful
64%
It's
64%
climb
59%
many
58%
mountains
58%
our
58%
time
58%
Doing
56%
doing
56%
rivers
56%
line
55%
memories"
52%
hard
47%
wanna
47%
stuff,
45%
long,
41%
No matching quizzes found
Score Distribution
Percent of People with Each Score
Percentile by Number Answered
Your Score History
You have not taken this quiz since the last reset